000 02935nam a22004937a 4500
003 PE-LiUPU
005 20250731180158.0
008 220914b |||||||| |||| 00| 0 spa d
020 _a9788498807196
_qUniversitat Politècnica de Catalunya
_z978-84-988071-9-6
_qUniversitat Politècnica de Catalunya
040 _aPE-LiUPU
_bspa
_cPE-LiUPU
_erda
082 _223
_a549.2
_bS238e
100 1 _aSanz i Balagué, Joaquim
_eautor
_4aut
240 1 0 _aElements i recursos minerals
_lEspañol
245 1 0 _aElementos y recursos minerales :
_baplicaciones y reciclaje /
_cJoaquim Sanz Balagué, Oriol Tomasa Guix
250 _aPrimera edición en español
264 1 _aBarcelona :
_bUniversitat Politècnica de Catalunya, Barcelonatech ;
_aManresa ;
_bZenobita Edicions,
_c2018
300 _a127 páginas :
_bfotografías (color), gráficos (color) ;
_c21 centímetros
336 _aTexto
_2rdacontent
337 _asin mediación
_2rdamedia
338 _avolumen
_2rdacarrier
500 _aEn la portada: Museu de Geología Valentí Masachs; GeoParc Mundial Unesco de la Catalunya Central
504 _aIncluye referencias bibliográficas
505 _aELEMENTOS MINERALES – Aluminio – Antimonio – Arsénico – Azufre – Bario – Berilio – Bismuto – Boro – Bromo – Cadmio – Calcio – Carbono -- Carbono (Diamante) -- Carbono (Grafito) – Cesio – Cloro -- Cobalto – Cobre -- Cromo – Estaño – Estroncio – Fósforo – Fluor – Galio – Germanio – Hafnio – Hierro – Indio – Iridio – Lítio – Magnesio – Manganeso – Mercurio – Molibdeno – Niobio – Niquel – Oro – Osmio – Paladio – Plata – Platino – Plomo – Potasio – Radio – Renio – Rodio – Rubidio – Rutenio – Selenio – Silicio -- Sodio – Talio – Tántalo – Tecnecio – Telurio – Titanio – Torio – Tungsteno – Uranio – Vanadio – Yodo – Zinc – Zirconio TIERRAS RARAS – Cerio – Disprosio – Erbio – Escandio – Europio – Gadolinio – Holmio – Iterbio – Itrio – Lantano – Lutecio – Neodimio – Praseodimio – Prometio – Samario – Terbio -- Tulio MINERALES INDUSTRIALES – Calcita – Caolinita – Carnalita – Corindon – Cuarzo -- Dolomita – Epsomita – Feldespato – Fosforita – Halita – Magnesita – Mica – Sepiolita – Silvita – Talco – Thenardita – Wollastonita – Yeso – Zeolitas.
526 _aSEG44
526 _aSEG26
526 _aP159
526 _aP155
526 _aP154
526 _aP153
526 _aP150
526 _aP100
526 _aP31
526 _aP30
526 _aP26
526 _aP25
526 _aP24
526 _aP22
526 _aP15
526 _aP10
650 7 _aMinerales
_xAplicaciones industriales
_2embne
700 1 _aTomasa Guix, Oriol
_eautor
_4aut
942 _2ddc
_cBOOK
_n0
980 _618226
_aJaime Vilcazán
_81
_gALBERTO SANCHEZ Responsable de Automatización
999 _c61566
_d61566